01454 2200289 4500001002100000005001500021035002000036007000300056008004100059020001800100082001000118084001400128245018900142250001800331300003800349650000900387700002700396700002400423505056100447710002001008264003001028336002101058337003001079338002301109990001601132990001601148INLIS00000000000017420260416031227 a0010-0426000173ta260416 g 0 ind  a9789792939835 a004.6 a004.6 GUR aGuru go blog : pemanfaatan blog untuk media pembelajaran alternatif /cWahana Komputer ; editor, Hernita P. ; setting, Elisabeth Pipit ; desain cover, dan_dut; korektor, Susy Oktaviani aedisi pertama a164 halaman :bilustrasi ;c23 cm 4aBlog0 aHernita P.ePenyunting0 adan_duteIlustrator aBuku ini membahas pemanfaatan blog sebagai media pembelajaran alternatif yang dapat digunakan oleh guru dalam proses belajar mengajar. Materi mencakup cara membuat dan mengelola blog, serta strategi penggunaannya untuk menyampaikan materi pembelajaran secara menarik dan interaktif. Selain itu, buku ini juga menjelaskan bagaimana blog dapat meningkatkan kreativitas guru dan partisipasi siswa dalam pembelajaran berbasis teknologi. Buku ini ditujukan bagi pendidik yang ingin memanfaatkan internet sebagai sarana pembelajaran yang efektif dan inovatif.0 aWahana Komputer aYogyakarta :bANDI,c2013 2rdacontentateks 2rdamediaatanpa perantara 2rdacarrieravolume aPP000272/19 aPP003800/19